01224nam a2200253uu 450000100070000000500170000700800410002403500110006504000130007604100080008908000120009711000660010924500560017526000610023130000180029261100990031065001190040965000700052865000660059865000410066471000810070571000740078671001100086096652520260506160108.0060310s1978 spa  a966525 ccomduadb aspa aI-1360020aUniversidad de Antioquia.bFacultad de Ingeniería4auteaut10aMemorias: seminario sobre contaminación ambiental aMedellín :bEditorial Universidad de Antioquia,c1978. a245 páginas20aSeminario sobre contaminación ambiental (1.: noviembre 1978: Universidad de Antioquia),4aut aUniversidad de Antioquia. Facultad de Ingeniería - Centro de Investigaciones Ambientales y de Ingeniería - CIA aUniversidad de Antioquia. Facultad de Ingeniería - Conferencias aUniversidad de Antioquia. Facultad de Ingeniería - Historia aContaminación ambiental - Colombia20aUniversidad de Antioquia.bFacultad de Ciencias Sociales y Humanas4auteaut20aUniversidad de Antioquia. Escuela de Ingeniería Química4auteaut20aUniversidad de Antioquia. Facultad de Ingeniería. Centro de Investigaciones Ambientales (CIA)4auteaut